[Event "GER-ch 2012-B-V4 serv"]
[Site "GER email"]
[Date "2012.05.09"]
[Round "?"]
[White "Schope, Heinz Joachim"]
[Black "Dorer, Manfred"]
[Result "1/2-1/2"]
[WhiteElo "2107"]
[BlackElo "2158"]
[PlyCount "96"]
[EventDate "2012.05.15"]
[EventType "tourn (corr)"]
[EventRounds "6"]
[EventCountry "GER"]
[SourceTitle "Corr 2015"]
[Source "ChessBase"]
[SourceDate "2015.07.17"]
[SourceVersion "1"]
[SourceVersionDate "2015.07.17"]
[SourceQuality "1"]

1. e4 c5 2. Nf3 Nc6 3. Nc3 e6 4. d4 cxd4 5. Nxd4 Qc7 6. Be2 a6 7. f4 b5 8. Nxc6 Qxc6 9. Bf3 Bb7 10. Be3 Rc8 11. a3 Qc7 12. Qd4 Ne7 13. 0-0-0 Nc6 14. Qb6 Qxb6 15. Bxb6 d6 16. Kb1 Nb8 17. Rhe1 Be7 18. a4 bxa4 19. Nxa4 Bc6 20. Nc3 Nd7 21. Ba5 0-0 22. Bb4 Nc5 23. f5 Rfe8 24. fxe6 fxe6 25. Bg4 Bf8 26. Bh3 Rb8 27. Ba3 Rb6 28. Ka2 g6 29. b3 Rb7 30. e5 d5 31. Rf1 Nd7 32. Bxf8 Nxf8 33. Rf6 Bb5 34. Kb2 Rf7 35. Nxb5 Rxf6 36. Nc7 Rc8 37. exf6 Rxc7 38. Ra1 Ra7 39. Bg4 Kf7 40. Be2 Nd7 41. Rxa6 Rxa6 42. Bxa6 Nxf6 43. c4 Ke7 44. cxd5 Nxd5 45. Bb7 Nf6 46. b4 Kd6 47. Kc3 Ng4 48. h3 Ne5 1/2-1/2

[Event "GER-ch 2012-B-V4 serv"]
[Site "GER email"]
[Date "2012.05.09"]
[Round "?"]
[White "Schope, Heinz Joachim"]
[Black "Koch, Hans Georg"]
[Result "1/2-1/2"]
[WhiteElo "2107"]
[BlackElo "2103"]
[PlyCount "49"]
[EventDate "2012.05.15"]
[EventType "tourn (corr)"]
[EventRounds "6"]
[EventCountry "GER"]
[SourceTitle "Corr 2015"]
[Source "ChessBase"]
[SourceDate "2015.07.17"]
[SourceVersion "1"]
[SourceVersionDate "2015.07.17"]
[SourceQuality "1"]

1. e4 c5 2. Nf3 e6 3. d4 cxd4 4. Nxd4 a6 5. Bd3 Bc5 6. Be3 Qc7 7. Qg4 g6 8. 0-0 d6 9. Nf3 e5 10. Qg3 Bxe3 11. fxe3 Be6 12. Ng5 Qe7 13. Nxe6 fxe6 14. Qh3 Nd7 15. Bc4 Nc5 16. Nc3 Nf6 17. Rxf6 Qxf6 18. Rf1 Qe7 19. b4 b5 20. Nd5 exd5 21. Bxd5 Nb7 22. Rf7 Qxf7 23. Bxf7+ Kxf7 24. Qd7+ Kf6 25. Qxb7 1/2-1/2

[Event "GER-ch 2012-B-V4 serv"]
[Site "GER email"]
[Date "2012.05.09"]
[Round "?"]
[White "Schope, Heinz Joachim"]
[Black "Tacke, Hubert"]
[Result "1-0"]
[WhiteElo "2107"]
[BlackElo "1880"]
[PlyCount "49"]
[EventDate "2012.05.15"]
[EventType "tourn (corr)"]
[EventRounds "6"]
[EventCountry "GER"]
[SourceTitle "Corr 2015"]
[Source "ChessBase"]
[SourceDate "2015.07.17"]
[SourceVersion "1"]
[SourceVersionDate "2015.07.17"]
[SourceQuality "1"]

1. e4 e5 2. Bc4 Nf6 3. d3 c6 4. Nf3 d5 5. Bb3 Bb4+ 6. c3 Bd6 7. Nbd2 0-0 8. Qe2 Nbd7 9. Nf1 Nc5 10. Bc2 Ne6 11. Qd1 dxe4 12. dxe4 Qe7 13. Ng3 g6 14. Bh6 Rd8 15. h3 Nf4 16. 0-0 a5 17. Re1 b6 18. Qc1 Nd7 19. Rd1 Ne6 20. Qe3 Bb7 21. Rd2 a4 22. Rad1 Bc5 23. Qe2 Ba6 24. Qe1 Bc4 25. b3 1-0

[Event "GER-ch 2012-B-V4 serv"]
[Site "GER email"]
[Date "2012.05.09"]
[Round "?"]
[White "Walther, Joachim"]
[Black "Schope, Heinz Joachim"]
[Result "1-0"]
[WhiteElo "1950"]
[BlackElo "2107"]
[PlyCount "105"]
[EventDate "2012.05.15"]
[EventType "tourn (corr)"]
[EventRounds "6"]
[EventCountry "GER"]
[SourceTitle "Corr 2015"]
[Source "ChessBase"]
[SourceDate "2015.07.17"]
[SourceVersion "1"]
[SourceVersionDate "2015.07.17"]
[SourceQuality "1"]

1. d4 d5 2. c4 c6 3. Nc3 Nf6 4. Nf3 e6 5. Bg5 h6 6. Bxf6 Qxf6 7. e3 Nd7 8. Bd3 dxc4 9. Bxc4 Bd6 10. 0-0 Qe7 11. Ne4 Bc7 12. Rc1 0-0 13. Bb3 Rd8 14. Qc2 Nf8 15. Ne5 Bd7 16. f4 Be8 17. f5 f6 18. Qc5 Bd6 19. Nxd6 Rxd6 20. Nc4 Rd7 21. e4 Bf7 22. Qxe7 Rxe7 23. Nd6 Rd8 24. e5 Red7 25. Rc3 Rxd6 26. exd6 Rxd6 27. Re1 b6 28. g4 exf5 29. d5 c5 30. gxf5 g5 31. Re7 Nd7 32. Re6 Bxe6 33. dxe6 Kf8 34. exd7 Rxd7 35. Rc2 Rd4 36. h3 Rf4 37. Rd2 Ke7 38. Re2+ Kd8 39. Bc2 Rc4 40. Kg2 Rd4 41. Be4 Kd7 42. Bf3 b5 43. Re6 Rd6 44. Bg4 Rc6 45. Rxc6 Kxc6 46. Bd1 Kd6 47. Kg3 Ke5 48. Kg4 h5+ 49. Kxh5 Kxf5 50. Bg4+ Ke5 51. Kg6 c4 52. b4 c3 53. Bf5 1-0

[Event "GER-ch 2012-A-V5 serv"]
[Site "GER email"]
[Date "2012.03.14"]
[Round "?"]
[White "Schope, Heinz Joachim"]
[Black "Hobel, Hartmut"]
[Result "1/2-1/2"]
[WhiteElo "2107"]
[BlackElo "2182"]
[PlyCount "140"]
[EventDate "2012.03.19"]
[EventType "tourn (corr)"]
[EventRounds "6"]
[EventCountry "GER"]
[SourceTitle "Corr 2015"]
[Source "ChessBase"]
[SourceDate "2015.07.17"]
[SourceVersion "1"]
[SourceVersionDate "2015.07.17"]
[SourceQuality "1"]

1. e4 d6 2. d4 Nf6 3. f3 e5 4. d5 Be7 5. Be3 0-0 6. c4 Nfd7 7. Qd2 Nc5 8. Ne2 a5 9. Ng3 h6 10. Bxc5 dxc5 11. Nc3 g6 12. Bd3 a4 13. a3 Nd7 14. Nf1 Nf6 15. 0-0-0 Nh5 16. Kb1 Kg7 17. Ne3 Bd6 18. Rde1 Bd7 19. Bc2 Ra7 20. g3 Ra8 21. Rhf1 Qe8 22. Ng4 Rh8 23. Bd1 Nf6 24. Nxf6 Kxf6 25. f4 Ke7 26. Qf2 f6 27. h4 Kd8 28. h5 Kc8 29. hxg6 Qxg6 30. Rh1 Kb8 31. Rh4 Ra6 32. Reh1 Bf8 33. Bh5 Qg7 34. f5 Rg8 35. Bd1 Qe7 36. Rg4 Rxg4 37. Bxg4 Qg7 38. Rh4 Qe7 39. Bd1 Be8 40. Qf3 Kc8 41. Bc2 Kd8 42. Qd1 Qd7 43. Ka1 Kc8 44. g4 Ra5 45. Rh3 Qd6 46. Bxa4 Bxa4 47. Nxa4 Qa6 48. g5 Rxa4 49. gxh6 Bxh6 50. Rxh6 Qxc4 51. Rxf6 Qd4 52. Qb3 Qc4 53. Rf8+ Kd7 54. Qxb7 Qc1+ 55. Ka2 Qc4+ 56. Qb3 Ke7 57. Rc8 Qxb3+ 58. Kxb3 Rxe4 59. Rxc7+ Kd6 60. Ra7 Rf4 61. f6 Kxd5 62. f7 Rf2 63. a4 e4 64. Kc3 Kc6 65. Kc4 Rc2+ 66. Kb3 Rf2 67. Kc3 Kd5 68. Re7 Kd6 69. Rxe4 Rxf7 70. Rg4 Kd5 1/2-1/2